| 000 | 01029nam a22002417a 4500 | ||
|---|---|---|---|
| 003 | UA-OsUOA | ||
| 001 | 63610 | ||
| 007 | ta | ||
| 008 | 20091012b un ||||| |||| 00| 0 ukr d | ||
| 100 | _aМішенкова Л.С. | ||
| 090 |
_a311.313(477.81) _bМ71 |
||
| 942 | _cBK | ||
| 040 |
_aUA-OsUOA _bukr _cUA-OsUOA _dUA-OsUOA |
||
| 245 |
_aТоргівля Рівненщини у 2008 році. _b(Статистичний збірник) |
||
| 300 | _a112 с. | ||
| 955 | _a2 | ||
| 041 | _aukr | ||
| 080 | _a311.313(477.81) | ||
| 520 | 3 | _aУ статистичному збірнику наведені дані щодо основних показників розвитку торгівлі області за 2008 р. у порівнянні з попередніми роками.Розрахований на широке коло читачів. | |
| 260 |
_aРівне _bДержкомстат _c2009 |
||
| 650 | 7 |
_a311 Статистика як наука. Теорія статистики _2UDC |
|
| 999 |
_c349602 _d349602 |
||